| 000 | 01291cam a2200289 4500 | ||
|---|---|---|---|
| 008 | 090401t1998 xxu||||| |||| 00| 0 eng d | ||
| 020 | _a0854068813 | ||
| 035 | _a(Sirsi) u85796 | ||
| 041 | 0 | _aeng | |
| 050 | 0 | 4 | _a347.4109 $2 18 |
| 110 | 2 |
_aRoyal Institution of Chartered Surveyors _94900 |
|
| 245 | 0 | 0 | _aAgricultural arbitrations and independent expert determinations |
| 250 | _a2nd ed. | ||
| 260 |
_aLondon _bRICS _c1998 |
||
| 300 |
_a43p. _c30cm. |
||
| 350 | _a9 | ||
| 490 | 0 | _aRICS Guidance Note | |
| 490 | 0 | _aRICS Conditions of Engagement | |
| 520 | _aProvides moded conditions of engage ment covering the services to be provided by the agent, authorisations of the agent by the client, communication between the client and agent, warranty and undertaking by the client, the payement of charges and reimbursement of expenditure authorised, the basis of renumeration, termination of the agreement, arbitration provisions and assignment of the lease. | ||
| 520 | _aWithdrawn 1 August 2006 | ||
| 650 | 2 | 4 | _aAGRICULTURAL HOLDINGS ACT 1986 |
| 650 | 2 | 4 | _aARBITRATION ACT 1996 |
| 651 | 4 |
_aEngland and Wales _y1543- |
|
| 690 | _aPROPERTY-LEASEHOLD PROPERTY-LANDLORD AND TENANT-TENANCIES-AGRICULTURAL TENANCIES-AGRICULTURAL ARBITRATION | ||
| 942 | _n0 | ||
| 948 | _c27/04/1998 | ||
| 999 |
_c97077 _d97077 |
||